000 00495nam a2200169Ia 4500
005 20250923145304.0
008 008 250917s9999 xx 000 0 eng d
037 _aTextual
040 _aDSWL
_beng
_cDSWL
041 _aeng
_2eng
084 _aL:5x44Q71, N73
_qDSWL
245 0 _aDisaster in Bangladesh
_cEd by C. Chen Lincoln
260 _aNew York
_bOxford University Press
_c1973
300 _axxviii,290p.
942 _cTEXL
_hL:5x44Q71, N73
999 _c1449523
_d1449523